[Event "FRA-chT Top 16"]
[Site "?"]
[Date "2006.02.04"]
[Round "2"]
[White "Rahal, Michael"]
[Black "Belkhodja, Slim"]
[Result "1-0"]
[WhiteElo "2397"]
[BlackElo "2488"]
[Annotator "Rahal, M"]
[PlyCount "71"]
[EventDate "2006.??.??"]
[EventType "team"]
[EventRounds "11"]
[EventCountry "FRA"]
[Source "EDAMI"]
[SourceDate "2006.12.20"]

{Una de las ventajas de participar en las ligas europeas (en este caso la Top
16 francés) es el reto deportivo, es decir la posibilidad de enfrentarte a
fuertes grandes maestros. En los últimos años he tenido la suerte de poder
disputar en este campeonato interesantes partidas contra jugadores de la talla
de Bologan, Glek, Miladinovic o Landa, todos ellos +2600, ayudándome a
entender dónde están mis - importantes - deficiencias estratégicas. Si además
de vez en cuando consigo ganar alguna de esta partidas, !pues fantástico! La
partida que comento a continuación corresponde a la segunda ronda del
campeonato, en el enfrentamiento entre el Avinyon y el duro equipo del Evry
Gran Roque que cuenta con varios GM en sus filas. Me tocó jugar contra el
mejor jugador de Túnez, el GM Slim Belkhodja. En mi preparación previa me fijé
en que solía jugar una defensa determinada, y decidi jugar una línea
posicional interesante.} 1. e4 d6 2. d4 Nf6 3. Nc3 Nbd7 $5 {Mi oponente es un
especialista de esta jugada. Más cómun es 3...e5 directo cuando 4.Nf3 Nbd7
transpone a la Philidor, pero las negras deben conocer los secretos del final
tras 4.dxe5 y 5.Qxd8. Ahora las blancas tienen varias opciones (4.Nf3, 4.f4)
pero la textual es la más incisiva, ya que saca provecho de que el caballo en
d7 bloquea la acción del alfil de casillas blancas.} 4. g4 $5 {La jugada más
ambiciosa para enfrentar el sistema de las negras. La amenaza g5 obliga a las
negras a debilitar su enroque.} h6 5. Bg2 {Y este es el método posicional. La
idea es jugar h3, Nge2, 0-0 y posteriormente quizás Be3 o bien Ng3 y f4. Los
planes son parecidos a la Variante del Fianchetto en la Defensa Pirc.} e5 6. h3
c5 {Esta jugada no me convence demasiado, ya que a mi entender debilita
demasiado la casila d5. Sin embargo,  había obseervado que mi rival ya lo
había jugado con anterioridad.} {#} 7. dxe5 $1 dxe5 8. Nge2 {Las casillas
blancas d5 y f5 están debilitadas, pero hay que jugar con precisión para sacar
ventaja de este factor.} b6 $2 {En mi opinión un error grave. En los breves
análisis posteriores a mi rival tampoco le gustó mucho. El alfil tiene que
quedarse controlando la casilla f5, y el caballo de d7 no tiene casilla ahora.}
({La partida de referencia en la que basé mi preparación, con una posible
mejora en la décima jugada, fue} 8... c4 $5 9. Ng3 Bb4 10. O-O (10. Bd2 $142
$16) 10... Bxc3 11. bxc3 O-O 12. f4 Qa5 13. Nf5 exf4 14. Bxf4 Ne5 15. Ne7+ Kh7
16. Qd6 Nfd7 17. Nd5 Ng6 18. e5 Nc5 19. Be3 Ne6 20. Be4 Rd8 21. Rxf7 Rxd6 22.
exd6 Bd7 23. Rxd7 Nc5 24. Bxg6+ Kxg6 25. Re7 Nd3 26. Bd4 Rg8 27. Ne3 Nf4 28.
Re1 Nxh3+ 29. Kg2 Ng5 30. d7 Qc7 31. Nd5 Qd6 32. R1e5 Kh7 33. Rxg5 hxg5 34.
Nf6+ Kg6 35. Nxg8 Qd5+ 36. Kg1 {
1-0 De la Riva Aguado,O-Belkhodja,S/France 2002/EXT 2003}) 9. Ng3 $16 Bb7 ({
En caso de} 9... Ba6 10. Be3 $16 {seguido de Qf3 y 0-0-0 con fuerte iniciativa.
}) {Ahora me tocó pensar un buen rato. El plan normal es Be3, Qe2 y 0-0-0,
pero me pareció que no me iba a dar mucho. Por eso me decidí por jugar en
busca de la iniciativa.} 10. g5 $5 hxg5 11. Bxg5 Qc7 $8 {
Jugada única, ya que si 11...Be7 12.Nf5 es fuerte.} 12. Qf3 $1 {Las blancas
siguen desarrollando con amenazas. La idea última es jugar h4 y Bh3. Pero con
la textual presiono f6 evitando tanto ...g6 como la maniobra Nb8-c6-d4.} a6 {
Controlando el salto del caballo a b5 pero perdiendo otro tiempo.} ({
Aún peor es} 12... O-O-O $6 13. Nb5 Qb8 14. O-O-O a6 15. Na3 b5 16. h4 $16 {
seguido de 17.Bh3 con clara ventaja}) 13. O-O-O b5 {Debilita el flanco de dama
pero las negras deben intentar algo ya que de otra forma el plan de doblar
torres en la columna "d" junto con h4 y Bh3 es decisivo.} 14. h4 $1 b4 15. Nd5
Nxd5 ({Claramente peor es} 15... Bxd5 16. exd5 Qa5 17. Kb1 Rb8 {
Se amenazaba 18.d6} 18. Bxf6 Nxf6 19. d6 {y la ventaja es decisiva.}) 16. exd5
{Las negras han conseguido cerrar la columna de dama pero ahora las blancas
pueden aprovechar la casilla e4 para alguna pieza. También para conseguir esto
el negro ha tenido que debilitar su flanco de dama, que es por donde va a
enrocar.} f6 $2 {Error que debilita aún más las casillas blancas. En esta o en
las siguientes jugadas las negras tenían que intentar c5-c4 para molestar un
poco, aunuque la ventaja blancas sigue siendo clara.} 17. Be3 $16 O-O-O 18. Qg4
$1 {Buena jugada tocando el peón g7 y reforzando el control sobre las casillas
blancas.} Kb8 ({No sirve} 18... Bd6 19. Qxg7 Rhg8 20. Qf7 {y el peón-h decide.}
) 19. d6 $1 {#Temático. El cambio de alfiles blancos es posicionalmente
deseable para las blancas.} Qc8 ({La otra opción era} 19... Bxd6 20. Bxb7 Kxb7
21. Qxg7 {y de nuevo el peón-h combinado con el dominio de las casillas
blancas deciden la partidas para las blancas.}) 20. Bxb7 Qxb7 21. Ne4 {
Una jugada difícil porque Nf5 también era tentadora. Preferi concentrar la
presión sobre c5, y bloquear la gran diagonal. El peón de d6 actúa como un
separador entre las fuerzas negras.} Qc6 ({En caso de} 21... c4 {
tenía intención de jugar} 22. h5 c3 23. b3 Qc6 24. Kb1 Nb6 25. Bc5 a5 26. Bxb6
Qxb6 27. Rd5 {dominando.}) 22. f3 $1 {Tras la partida Belkhodja alabó esta
sencilla jugada de consolidación, que libera a la dama de la defensa del
caballo y además cierra la diagonal. Las negras casi no tienen jugadas útiles,
y en estas situaciones conviene no precipitarse.} c4 23. Kb1 {Fritz también
sugiere esta jugada útil, ya que en caso de ...b3 se puede captura con el
peón-c y aprovechar la columna-c para una torre.} Nb6 ({Algo mejor era} 23...
Ka8 24. h5 c3 25. b3 Nb6 26. Bxb6 Qxb6 27. a4 $1 bxa3 28. Ka2 a5 29. Rd3 Bxd6
30. Qxg7 {con clara ventaja}) 24. Bxb6 {Este cambio no es obligado pero dejar
el caballo contra el alfil en el tablero pinta bien.} Qxb6 25. Qe6 Qc6 $6 {
Mi rival comenzaba a tener poco tiempo, y no acierta con las jugadas más
fuertes para aguantar su posición.} ({Era mejor} 25... c3 $142 26. b3 Qa5 27.
a4 bxa3 28. Ka2 Qb5 29. Rd3 {con clara ventaja de las blancas.}) 26. h5 Re8 $2
$138 27. Qf7 {La ventaja es decisiva. Se amenaza d7.} Rd8 28. h6 $1 {Esta nueva
ruptura paraliza a las negras que no  pueden atender las amenazas en todas las
frentes.} Rd7 ({Si} 28... Rxh6 29. Rxh6 gxh6 30. Qxf6 $18 {ganando}) ({Y si} 
28... Qb7 29. hxg7 $1 Bxg7 (29... Rxh1 30. Qxb7+ Kxb7 31. Rxh1 Bxg7 32. Rh7 Rd7
33. Nc5+ {ganando}) 30. Rxh8 Bxh8 (30... Qxf7 31. Rxd8+ Kb7 32. d7 $18) 31.
Qxc4 f5 32. Nc5 Qxf3 33. Nxa6+ Ka7 34. Rf1 {ganando}) {#} 29. hxg7 $1 Bxg7 30.
Rxh8+ Bxh8 31. Qe6 $138 {Con poco tiempo no vi una jugada aún más fuerte.} ({
Ganaba con} 31. Qf8+ Qc8 32. Nc5 $1 ({También gana} 32. Qxc8+ Kxc8 33. Nc5 Bg7
34. Nxd7 Kxd7 35. Rd5 Bf8 36. Rc5 c3 37. bxc3 Bxd6 38. Rc4 bxc3 39. Rxc3 f5 40.
Rc4 $18) 32... Rh7 33. Qxc8+ Kxc8 34. d7+) 31... Rd8 ({Si} 31... Bg7 32. Nc5
$18) ({Y si} 31... Rg7 32. Nc5 Qxf3 33. Qe8+ Ka7 34. Rc1 $18) 32. Qe7 $1 Qd7 (
32... Re8 33. d7) (32... Rd7 33. Qf8+ Qc8 34. Nc5) 33. Qxd7 Rxd7 34. Nc5 Kc8 (
34... Rd8 35. d7 f5 36. Ne6 Bf6 37. Nxd8 Bxd8 38. Re1 $18) 35. Nxd7 Kxd7 36.
Rh1 {y mi rival abandonó ante Rh7.} 1-0

[Event "37th Olympiad"]
[Site "Turin ITA"]
[Date "2006.05.29"]
[Round "8"]
[White "Navara, David"]
[Black "Svidler, Peter"]
[Result "1-0"]
[WhiteElo "2658"]
[BlackElo "2743"]
[Annotator "Martin, A"]
[PlyCount "79"]
[EventDate "2006.05.21"]
[Source "EDAMI"]
[SourceDate "2006.12.20"]

1. d4 d5 2. c4 c6 3. Nc3 Nf6 4. Nf3 dxc4 5. a4 e6 6. e3 c5 ({A pesar de la
pérdida de tiempo que supone, esta jugada es perfectamente aceptable y lleva a
posiciones del Gambito de Dama Aceptado, donde la jugada extra de las blancas
(a4) no resulta del todo útil pues este peón suele estar mejor en a3,
controlando la casilla "b4". La alternativa es} 6... Bb4 7. Bxc4 O-O 8. O-O
Nbd7) 7. Bxc4 Nc6 8. O-O cxd4 9. exd4 Be7 10. Bg5 O-O 11. Re1 Bd7 ({Svidler se
desvía de su partida frente a Radjabov, jugada en Morelia-Linares de este
mismo año, donde continuó con} 11... h6 12. Bf4 Nb4 {pero tras} 13. Qd2 Bd7 {
el sacrificio de pieza} 14. Bxh6 $1 Rc8 15. Bb3 gxh6 16. Qxh6 {
proporcionó un fuerte ataque a las blancas, que terminaron ganando.}) 12. Qe2
h6 13. Bf4 Nb4 14. Ne5 Bc6 15. Rad1 Nbd5 16. Bc1 Bb4 17. Rd3 {Una maniobra
típica de estas posiciones. La torre pasa al flanco de rey para atacar el
enroque debilitado por la jugada ...h6. Curiosamente, en una partida
Stolz-Richter. Munich 1941 se llegó a una posición similar, aunque sin la
jugada a4 de las blancas.} Ne7 {Así jugó también Richter en la mencionada
partida, para responder a Rg3 con ...Nf5.} 18. Bd2 Rc8 19. d5 $1 {
Con esta típica ruptura central, las blancas abren el juego ventajosamente.}
exd5 ({Forzado, ya que} 19... Nexd5 20. Nxd5 Bxd2 21. Nxf6+ {gana una pieza.})
20. Nxd5 Bxd5 ({Tras} 20... Nexd5 21. Bxb4 {falla} Nf4 {por} 22. Bxf7+ Kh7 23.
Qe3 Nxd3 24. Bg6+) 21. Bxb4 Re8 22. Qd2 Qb6 23. Bxe7 Bxc4 24. Rd6 (24. Rde3 {
era asimismo muy fuerte, planteando la amenaza 25.Bxf6 Qxf6 26.Nd7 además de
la directa 25.Nxc4}) 24... Qc7 25. Bxf6 gxf6 26. Rd7 Rcd8 ({
A pesar de su pobre aspecto, es posible que} 26... Qb8 {
fuera mejor, ya que tras} 27. Ng4 Rxe1+ 28. Qxe1 Qf4 {sostiene la posición.})
27. Rd1 Rxd7 28. Nxd7 Kg7 29. Qc3 ({
Las blancas disponían de un remate más claro con} 29. Nxf6 $1 Kxf6 30. Qxh6+
Ke7 31. Qh4+ Kf8 32. Rc1 {y aunque las blancas no pueden capturar todavía en
c4, por el mate en la primera fila, las negras no tienen forma de librarse de
la clavada y deben ceder material.}) 29... Qf4 ({
Esta defensa falla, pues la dama será desalojada de aquí. Algo mejor era} 29...
Qc6 {pero la ventaja blanca es igualmente clara y Svidler ya estaba apurado de
tiempo.}) 30. g3 Qg4 31. Qxf6+ Kg8 ({Si} 31... Kh7 32. Qd6 {
es aún más fuerte que en la partida.}) 32. Qd6 Re6 33. Qf8+ Kh7 34. Qxf7+ Kh8
35. Qf8+ Kh7 36. Rc1 ({Lo más simple aunque} 36. f3 {
fuerza la ganancia inmediata de material.}) 36... Qd4 37. Qc5 ({También gana} 
37. Qf7+ Kh8 38. Ne5) 37... Re4 38. Qf5+ Kg7 39. Nf6 Re2 40. Rxc4 $1 (40. Rxc4
Qxc4 41. Nh5+ Kg8 42. Qg6+ {lleva al mate en tres jugadas.}) 1-0

[Event "37th Olympiad"]
[Site "Turin ITA"]
[Date "2006.05.30"]
[Round "9"]
[White "Jobava, Baadur"]
[Black "Bu Xiangzhi"]
[Result "0-1"]
[WhiteElo "2646"]
[BlackElo "2640"]
[Annotator "Martin, A"]
[PlyCount "70"]
[EventDate "2006.05.21"]
[Source "EDAMI"]
[SourceDate "2006.12.20"]

1. d4 d5 2. c4 c6 3. Nf3 Nf6 4. Nc3 a6 5. c5 Bf5 6. Bf4 Nbd7 7. h3 e6 8. e3 Be7
9. Bd3 Qc8 ({Novedad. Lo habitual es} 9... Bxd3 10. Qxd3 b6) 10. O-O O-O 11. b4
b6 12. g4 ({
Esto crea algunas debilidad aunque las blancas tampoco conseguían mucho con} 
12. Bxf5 exf5 13. Qc2 Ne4 14. cxb6 Nxb6) 12... Bxd3 13. Qxd3 a5 14. a3 Re8 15.
Rab1 axb4 16. axb4 bxc5 17. bxc5 Bxc5 {Esta jugada libera la posición algo
restringida de las negras y equilibra las posibilidades.} 18. g5 $6 ({Si} 18.
dxc5 e5 {y la amenaza ...e4 obliga al blanco a devolver la pieza, aunque} 19.
Nxe5 Nxe5 20. Bxe5 Rxe5 21. Qd4 {lleva a una posición igualada.}) 18... Nh5 19.
dxc5 e5 20. Nxe5 (20. Bh2 e4 21. Qe2 exf3 22. Qxf3 g6 {también presenta
algunos problemas para las blancas en vista de la posición algo debilitada de
su enroque.}) 20... Rxe5 21. Rfc1 ({Después de} 21. Bxe5 Nxe5 22. Qe2 Qxh3 23.
f4 Ng3 24. Qg2 Qxg2+ 25. Kxg2 Nxf1 26. Kxf1 Nc4 {
las negras quedan con un limpio peón de ventaja.}) ({Pero tal vez} 21. Nb5 {
Re6 22.Nd4 Re4 23.Qd2 ofreciese mejor defensa. La clave está en que si} cxb5
22. Bxe5 Nxe5 23. Qxd5 {
el ataque a la torre a8 permite al blanco defenderse eficazmente.}) 21... Re8
22. Bd6 Ne5 23. Bxe5 Rxe5 24. f4 Re8 25. Kh2 d4 $1 {
Con este sacrificio de peón las negras consiguen activar todas sus piezas.} 26.
Qxd4 $2 ({Ahora el ataque negro se hace irresistible. Era mejor} 26. exd4 Nxf4
27. Qg3 {aunque las negras están de todos modos mejor.}) 26... Rd8 27. Qe5 f6
$1 28. gxf6 Rd2+ 29. Kg1 Qxh3 {Decisivo. El mate no puede evitarse y las
blancas deben buscar el jaque continuo que, sin embargo, no existe.} 30. f7+
Kf8 31. Rb8+ Rxb8 32. Qxb8+ Kxf7 33. Qb7+ Kg6 34. f5+ (34. Qxc6+ Nf6) 34... Kh6
35. Qxc6+ g6 {Este fue un día feliz para los chinos, que derrotaron por un
contundente 4-0 a Georgia y con ello pasaron a ocupar el segundo puesto en la
clasificación.} 0-1

[Event "Mtel Masters"]
[Site "Sofia BUL"]
[Date "2006.05.18"]
[Round "7"]
[White "Anand, Viswanathan"]
[Black "Topalov, Veselin"]
[Result "0-1"]
[WhiteElo "2803"]
[BlackElo "2804"]
[Annotator "Martin, A"]
[PlyCount "122"]
[EventDate "2006.05.11"]
[EventRounds "10"]
[EventCountry "BUL"]
[EventCategory "20"]
[Source "EDAMI"]
[SourceDate "2006.12.20"]

{El orden de jugadas que emplea Topalov en la Variante Najdorf es una de las
armas más modernas y peligrosas de la actualidad. Las últimas partidas y la
práctica de esta variante en general, muestran que las blancas aún no han
conseguido encontrar una "vacuna" eficaz contra un "virus" tan sofisticado que
destruye el esqueleto blanco  rápidamente y consigue poner las piezas negras
en posiciones dominantes. El propio Anand confesaba que no era correcta la
maniobra 16.Nf5-Ng3. Las blancas no pudieron evitar el sacrificio 31...Nxf3
que fue determinante para constatar la ventaja decisiva de las negras. Vishy
intentó defenderse heroicamente pero finalmente tuvo que reconocer lo
inevitable.} 1. e4 c5 2. Nf3 d6 3. d4 cxd4 4. Nxd4 Nf6 5. Nc3 a6 6. f3 e6 7.
Be3 {La evolución de la variante nos indica que este orden es más prudente
para las blancas que el avance directo} (7. g4 {que después de} b5 8. g5 Nfd7
9. Be3 Nb6 10. Qd2 N8d7 {
se transforma en una de las líneas que popularizó en su momento G.Kasparov})
7... b5 8. Qd2 b4 $5 {Los tiempos cambian. No hace mucho los jugadore creían
que esta jugada era muy prematura, sin embargo ahora todos están convencidos
que otorga a las negras un excelente medio juego} 9. Na4 ({
En su último intento Anand eligió} 9. Nce2 {pero después de} e5 10. Nb3 a5 11.
Ng3 a4 12. Nc1 d5 13. exd5 Ra5 $5 14. Nd3 Rxd5 15. Ne4 Nc6 16. Qf2 Bf5 17.
Nxf6+ Qxf6 18. g4 Bxd3 19. Bxd3 a3 20. Be4 axb2 21. Rb1 Rd7 22. Rxb2 Be7 23.
O-O {él mismo ofreció tablas a su rival.  Anand-Gelfand. Turin Ol. 2006}) 9...
Nbd7 ({Probablemente} 9... Bd7 {es dudoso por} 10. Qxb4) 10. c4 {Con esta jugad
a las blancas quieren eliminar, o al menos disminuir, el efecto de la ruptura
central por medio de ...d5, pero las negras muestran recursos que ponen en
tela de juicio el plan elegido por Anand. Además en caso de mantener la
estructura de peones sin hacer el cambio 10... bxc3, creo que  tampoco las
negras tendrían un mal medio juego.} ({
Por otro lado, no cabe duda de que después de} 10. Qxb4 d5 11. Qd2 dxe4 12. Be2
Qc7 13. Nc3 Bb7 {las negras tienen buenas perspectivas.}) 10... bxc3 11. Nxc3
Bb7 12. Be2 ({En caso de} 12. Bc4 d5 (12... Rc8 13. Bb3 Nc5 14. Bc2 {
me parece que crea algunos problemas para el desarrollo de las piezas negras})
13. exd5 Nb6 14. Bb3 Nfxd5 15. Nxd5 Bxd5 {es igualdad}) 12... d5 {La superiorid
ad numérica de los peones en el centro permite a Veselin realizar esta ruptura
sin ningún esfuerzo} 13. exd5 Nxd5 14. Nxd5 Bxd5 15. O-O {diagrama} Qb8 $5 {
Sólo puedo suponer que Topalov conocía la posición de antemano y tenía
preparado el plan de juego que ahora sigue. Pero difícilmente puedo creer que
sus conocimientos llegasen mucho más allá de esta posición.} 16. Nf5 $6 {
Vishy no estaba muy contento por tomar esta decisión, pero quizás tampoco le
gustaba} (16. a3 Bd6 17. f4 Nf6) 16... Qe5 17. Ng3 Bb4 $5 {Esta jugada es
acorde no sólo con el plan que comenzaron las negras con 15...Qb8 sino también
con el estilo de juego de Topalov.} 18. Qxb4 {El gran maestro indio no puede
evitar su curiosidad por aclarar la validez de la salida del alfil negro, pero
quizás la decisión más práctica fuera la jugada} (18. Qd4 {
Entonces las negras podrían repetir jugadas después de} Bd6 19. Qd2 Bb4 {
o seguir con} (19... O-O {pero en tal caso surge una posición tranquila con
opciones equivalentes para ambos bandos:} 20. Bd4 Bc5 21. Bxc5 Nxc5 22. Rfc1))
18... Qxe3+ 19. Kh1 Rb8 20. Qd6 ({Era interesante} 20. Qa4 h5 21. Rfe1 Qb6 22.
Ne4 h4 23. h3 Qb4 24. Qxa6 Bxe4 25. fxe4 O-O {y no es fácil evaluar esta
posición porque las blancas tienen un peón pasado alejado mientras las negras
deben buscar la compensación en el flanco de rey.}) 20... Rb6 {
Las negras no están dispuestas a permitir la variante} (20... Rxb2 21. Rac1 Rb8
22. Qxb8+ Nxb8 23. Rc8+ Ke7 24. Rxh8) 21. Qc7 Rc6 22. Qb7 Rc2 23. Qxa6 O-O 24.
b3 {Quizás fuera mejor la jugada} (24. Qa4 {
obligando a la torre a defender su caballo en d7} Rc7 {
pero de todas formas después de} 25. Qd1 {es posible seguir con} Rfc8 {
renovando la amenaza de penetrar en la segunda fila con la torre}) 24... Ne5
25. Rae1 Qd2 26. Rd1 Qf4 27. Bb5 {Anand podía elegir} (27. Qa4 {
pero las negras no iban a cambiar damas} Qh6 (27... Qxa4 28. bxa4 Ra8 29. Bb5
Rxa2 30. Ra1 {es demasiado bueno para el jugador indio}) 28. Qd4 Ng6 {
y las blancas aún deben igualar la contienda}) 27... h5 $1 {Con este recurso,
la partida entra en una nueva fase donde las amenazas del jugador búlgaro son
cada vez más peligrosas} 28. Ne2 Qe3 29. a4 Rb2 30. Qd6 Rc8 {
No valía de momento el sacrificio} (30... Nxf3 {por} 31. Qg3 Rxb3 32. Rxd5 exd5
33. Qxf3) 31. Rde1 {diagrama} Nxf3 $1 32. gxf3 {
Las blancas ya no tienen la defensa} (32. Qg3 {por la combinación} Nxe1 $1 33.
Qxe3 Nxg2 34. Qg3 Nf4+ 35. Kg1 Nxe2+ 36. Bxe2 Rxe2 37. Re1 Rd2 {
y después de doblar las torres en la segunda fila la lucha termina rápidamente.
}) 32... Bxf3+ 33. Rxf3 Qxf3+ 34. Kg1 Qe3+ 35. Kf1 Qf3+ 36. Kg1 Qxb3 {
La posición está prácticamente ganada para las negras principalmente por la
debilidad del flanco de rey. Topalov tiene dos opciones para realizar su
ventaja, primero avanzar poco a poco los peones y ahogar la posición de las
piezas blancas y segundo, cambiar las damas y realizar su enorme superioridad
de peones en el flanco de rey.} 37. Qe5 Rd8 {Amenaza ...Rd5.} 38. Qc3 Qxc3 39.
Nxc3 h4 {Era más contundente} (39... Rdd2) 40. Re4 Rb3 41. Ne2 g5 42. Re5 Rd5
43. Rxd5 exd5 {Es una pequeña victoria para Vishy poder aislar un peón, pero
no es suficiente para salvar la partida.} 44. Bc6 Ra3 45. Nd4 Kg7 46. Bxd5 Rd3
47. Nf5+ Kf6 48. Be4 Rd1+ 49. Kg2 Rd2+ 50. Kf3 (50. Kh3 $2 {
pierde enseguida después de} Ke5 51. Bb1 Rb2) 50... Rxh2 {Desaparece el último
peón de las blancas y con ello las opciones de salvar el medio punto.} 51. Ne3
Ra2 52. Bc6 Ra3 53. Kf2 Ra1 54. Bd7 Ke5 55. Kf3 Ra3 56. Kf2 Ke4 57. Bc6+ Kf4
58. Ng2+ Ke5 59. Ne3 Ra2+ 60. Kf3 f5 61. Bd7 h3 0-1